Normal view
MARC view
- Gallagher, Richard H. Ziemian, Ronald D
Entry Corporate Name
001 - CONTROL NUMBER
- control field: 112400
003 - CONTROL NUMBER IDENTIFIER
- control field: NUST
005 - DATE AND TIME OF LATEST TRANSACTION
- control field: 20230517100922.0
008 - FIXED-LENGTH DATA ELEMENTS
- fixed length control field: 230517|| aca||aabn | a|a d
040 ## - CATALOGING SOURCE
- Original cataloging agency: NUST
- Transcribing agency: NUST
110 ## - HEADING--CORPORATE NAME
- Corporate name or jurisdiction name as entry element: Gallagher, Richard H. Ziemian, Ronald D
670 ## - SOURCE DATA FOUND
- Source citation: Work cat.: (NUST): McGuire, William 38612, Matrix Structural Analysis, 2000.
